00358 2200145 4500001002100000005001500021035002000036082000800056084001400064100002400078245006100102260002900163300000800192990001200200INLIS00000000000219520250527012257 a0010-0525000487 a297 a297 ADI m0 aAdil Fatih Abdullah1 aMembangun Positive Thinking Islam /cAdil Fatih Abdullah bGema Insani Press,c2007 a143 a0712592